[Event "2nd Sharjah Masters 2018"]
[Site "Sharjah"]
[Date "2018.04.17"]
[Round "7"]
[White "Bhambure, Shantanu"]
[Black "Rajdeep Sarkar"]
[Result "1-0"]
[WhiteElo "2155"]
[BlackElo "2393"]
[Annotator "NA"]
[PlyCount "139"]
[EventDate "2018.??.??"]
[EventType "swiss"]
[EventCountry "UAE"]
[SourceTitle "playchess.com"]
[Source "ChessBase"]
[SourceQuality "1"]
[TimeControl "5400+30"]

1. d4 {[%emt 0:00:00]} e6 {[%emt 0:00:06]} 2. c4 {[%emt 0:00:00]} b6 {[%emt 0:00:04]} 3. a3 {[%emt 0:00:24]} Bb7 {[%emt 0:00:18]} 4. Nc3 {[%emt 0:00:15]} f5 {[%emt 0:01:09]} 5. d5 {[%emt 0:00:35]} Nf6 {[%emt 0:00:23]} 6. g3 {[%emt 0:01:00]} Na6 {[%emt 0:03:04] A40: Unusual replies to 1 d4} (6... Bd6 7. Bg2 a5 8. Nh3 O-O 9. O-O Na6 10. e4 Be5 11. exf5 Bxc3 12. bxc3 exf5 13. Be3 Ne4 14. Bxe4 fxe4 {1-0 (36) Navara,D (2737)-Hou,Y (2666) Biel 2017}) 7. Nh3 {[%emt 0:03:37]} Bd6 {[%emt 0:04:42]} 8. Bf4 $146 {[%emt 0:03:48]} ({Predecessor:} 8. Bg2 O-O 9. O-O Nc5 10. Qc2 Qe7 11. Be3 Nce4 12. Rad1 Nxc3 13. Qxc3 {½-½ (52) Laznicka,V (2601)-Langrock,H (2398) Liverpool 2008}) 8... e5 {[%emt 0:09:39]} 9. Bc1 {[%emt 0:11:56]} c6 {[%emt 0:07:45]} 10. Bg2 {[%emt 0:02:43]} Qe7 {[%emt 0:04:23]} 11. e4 {[%emt 0:13:23]} f4 {[%emt 0:20:19]} 12. gxf4 {[%emt 0:08:00]} exf4 {[%emt 0:00:17]} 13. Bxf4 {[%emt 0:03:01]} Bxf4 {[%emt 0:03:57]} 14. Nxf4 {[%emt 0:00:06]} O-O {[%emt 0:01:33]} 15. O-O {[%emt 0:16:01]} Nxe4 {[%emt 0:04:06]} 16. Nxe4 {[%emt 0:00:48]} Rxf4 {[%emt 0:00:35]} 17. d6 {[%emt 0:00:42]} Qh4 {[%emt 0:01:47]} 18. Qd3 {[%emt 0:04:09]} Raf8 {[%emt 0:07:12]} 19. Rae1 {[%emt 0:09:15]} Nc5 {[%emt 0:08:24]} 20. Nxc5 {[%emt 0:01:02]} bxc5 {[%emt 0:00:01]} 21. Re4 {[%emt 0:01:50]} a5 {[%emt 0:04:41]} 22. a4 {[%emt 0:01:13]} Rxe4 {[%emt 0:03:13]} 23. Bxe4 {[%emt 0:03:44]} Rf6 {[%emt 0:01:56]} 24. f3 {[%emt 0:01:11]} Rh6 {[%emt 0:00:55]} 25. Qd2 {[%emt 0:02:54]} Qf6 {[%emt 0:03:35]} 26. Rd1 {[%emt 0:00:38]} Qe5 {[%emt 0:00:47]} 27. b3 {[%emt 0:01:17]} Kf7 {[%emt 0:00:26]} 28. Kh1 {[%emt 0:04:23]} Kf8 {[%emt 0:02:04]} 29. Kg1 {[%emt 0:01:07]} Rh4 {[%emt 0:01:32]} 30. Qf2 {[%emt 0:01:11]} Qf4 {[%emt 0:01:02]} 31. Qg3 {[%emt 0:01:45]} g5 {[%emt 0:00:39]} 32. Kg2 {[%emt 0:01:26]} Kf7 {[%emt 0:01:29]} 33. Qxf4+ {[%emt 0:00:35]} gxf4 {[%emt 0:01:53]} 34. Bf5 {[%emt 0:00:28]} Bc8 {[%emt 0:01:35]} 35. Re1 {[%emt 0:00:51]} Rh6 {[%emt 0:00:08]} 36. Re7+ {[%emt 0:01:46]} Kf8 {[%emt 0:00:00]} 37. Rxh7 {[%emt 0:00:11]} Rxh7 {[%emt 0:01:16]} 38. Bxh7 {[%emt 0:00:02]} Kf7 {[%emt 0:00:38]} 39. h4 {[%emt 0:01:11]} Ke6 {[%emt 0:00:00]} 40. h5 {[%emt 0:00:26]} Kxd6 {[%emt 0:00:14]} 41. h6 {[%emt 0:00:14]} Ke7 {[%emt 0:00:07]} 42. Bf5 {[%emt 0:00:17]} Kf7 {[%emt 0:00:02]} 43. Kh3 {[%emt 0:01:00]} Ba6 {[%emt 0:00:32]} 44. h7 {[%emt 0:00:38]} Kg7 {[%emt 0:00:01]} 45. Bxd7 {[%emt 0:00:07]} Kxh7 {[%emt 0:00:02]} 46. Kg4 {[%emt 0:00:26]} Kg6 {[%emt 0:00:03]} 47. Kxf4 {[%emt 0:00:13]} Kf6 {[%emt 0:00:01]} 48. Bxc6 {[%emt 0:01:13]} Bc8 {[%emt 0:00:01]} 49. Ke4 {[%emt 0:00:22]} Be6 {[%emt 0:00:33]} 50. Bb7 {[%emt 0:00:58]} Bf7 {[%emt 0:00:27]} 51. Bc8 {[%emt 0:00:12]} Bg8 {[%emt 0:00:08]} 52. Bh3 {[%emt 0:00:39]} Bf7 {[%emt 0:00:15]} 53. f4 {[%emt 0:00:24]} Bg8 {[%emt 0:00:05]} 54. Bg4 {[%emt 0:00:29]} Bf7 {[%emt 0:00:43]} 55. Bc8 {[%emt 0:00:10]} Bg8 {[%emt 0:00:07]} 56. Bb7 {[%emt 0:00:51]} Be6 {[%emt 0:00:05]} 57. Bc6 {[%emt 0:00:22]} Bg8 {[%emt 0:00:38]} 58. f5 {[%emt 0:00:39]} Bf7 {[%emt 0:00:29]} 59. Bd5 {[%emt 0:00:36]} Bh5 {[%emt 0:00:14]} 60. Be6 {[%emt 0:00:17]} Bd1 {[%emt 0:00:41]} 61. Kd5 {[%emt 0:00:11]} Bxb3 {[%emt 0:00:03]} 62. Bd7 {[%emt 0:00:29]} Bc2 {[%emt 0:00:43]} 63. Kxc5 {[%emt 0:00:15]} Ke7 {[%emt 0:00:01]} 64. Bb5 {[%emt 0:00:29]} Bxf5 {[%emt 0:00:05]} 65. Kb6 {[%emt 0:00:02]} Kd8 {[%emt 0:02:00]} 66. Kb7 {[%emt 0:00:15]} Be4+ {[%emt 0:01:18]} 67. Kb8 {[%emt 0:00:36]} Ke7 {[%emt 0:02:00]} 68. c5 {[%emt 0:00:14]} Bf5 {[%emt 0:01:25]} 69. c6 {[%emt 0:00:14]} Kd6 {[%emt 0:00:04]} 70. c7 {[%emt 0:00:04]} 1-0

[Event "2nd Sharjah Masters 2018"]
[Site "Sharjah"]
[Date "2018.04.17"]
[Round "7"]
[White "Ajay Karthikeyan"]
[Black "Arjun Kalyan"]
[Result "0-1"]
[WhiteElo "2127"]
[BlackElo "2397"]
[Annotator "NA"]
[PlyCount "74"]
[EventDate "2018.??.??"]
[EventType "swiss"]
[EventCountry "UAE"]
[SourceTitle "playchess.com"]
[Source "ChessBase"]
[SourceQuality "1"]
[TimeControl "5400+30"]

1. d4 {[%emt 0:00:00]} Nf6 {[%emt 0:00:09]} 2. Bf4 {[%emt 0:00:01]} d5 {[%emt 0:00:20]} 3. e3 {[%emt 0:00:10]} c5 {[%emt 0:00:25]} 4. c3 {[%emt 0:00:06]} Nc6 {[%emt 0:00:13]} 5. Nd2 {[%emt 0:00:04]} Bf5 {[%emt 0:00:40]} 6. Qb3 {[%emt 0:00:33]} Qd7 {[%emt 0:00:24]} 7. Ngf3 {[%emt 0:00:25]} c4 {[%emt 0:00:29]} 8. Qd1 {[%emt 0:00:12]} e6 {[%emt 0:00:07]} 9. Be2 {[%emt 0:00:16]} b5 {[%emt 0:00:59]} 10. O-O {[%emt 0:05:15]} Bd6 {[%emt 0:02:12]} 11. Ne5 {[%emt 0:15:01]} Bxe5 {[%emt 0:04:12]} 12. Bxe5 {[%emt 0:07:40]} Nxe5 {[%emt 0:01:49]} 13. dxe5 {[%emt 0:00:47]} Ne4 {[%emt 0:00:12]} 14. Nf3 {[%emt 0:01:08]} Nc5 {[%emt 0:03:54]} 15. Nd4 {[%emt 0:00:38]} Bg6 {[%emt 0:02:45]} 16. f4 {[%emt 0:06:15]} a5 {[%emt 0:06:04]} 17. g4 {[%emt 0:07:26]} Be4 {[%emt 0:03:49]} 18. Qe1 {[%emt 0:02:48]} Rb8 {[%emt 0:02:11]} 19. f5 {[%emt 0:11:57]} Rb6 {[%emt 0:13:34]} 20. Qh4 {[%emt 0:05:59]} Qc7 {[%emt 0:03:21]} 21. Qg3 {[%emt 0:04:53]} Nd7 {[%emt 0:01:17]} 22. fxe6 {[%emt 0:00:04]} fxe6 {[%emt 0:00:06]} 23. Rf4 {[%emt 0:04:36]} Qxe5 {[%emt 0:01:33]} 24. g5 {[%emt 0:07:12]} h6 {[%emt 0:07:24]} 25. Raf1 {[%emt 0:14:52]} hxg5 {[%emt 0:01:20]} 26. Rg4 {[%emt 0:01:18]} Qxg3+ {[%emt 0:00:12]} 27. Rxg3 {[%emt 0:00:01]} Rf8 {[%emt 0:00:31]} 28. Rxg5 {[%emt 0:01:08]} Rxf1+ {[%emt 0:00:05]} 29. Bxf1 Kf7 {[%emt 0:00:07]} 30. Bh3 {[%emt 0:01:16]} Nc5 {[%emt 0:00:45]} 31. Kf1 {[%emt 0:01:52]} b4 {[%emt 0:00:30]} 32. cxb4 {[%emt 0:00:58]} axb4 {[%emt 0:00:06]} 33. Bg2 {[%emt 0:00:13]} Ra6 {[%emt 0:00:23]} 34. Bxe4 {[%emt 0:01:15]} Nxe4 {[%emt 0:00:02]} 35. Rg2 {[%emt 0:00:33]} Rxa2 {[%emt 0:00:05]} 36. Re2 {[%emt 0:00:21]} b3 {[%emt 0:00:14]} 37. Ke1 {[%emt 0:00:22]} Ra1# {[%emt 0:00:05]} 0-1

[Event "2nd Sharjah Masters 2018"]
[Site "Sharjah"]
[Date "2018.04.17"]
[Round "7"]
[White "Mullick, Raahil"]
[Black "Narayanan S L"]
[Result "0-1"]
[WhiteElo "2053"]
[BlackElo "2568"]
[Annotator "TA"]
[PlyCount "62"]
[EventDate "2018.??.??"]
[EventType "swiss"]
[EventCountry "UAE"]
[SourceTitle "playchess.com"]
[Source "ChessBase"]
[SourceQuality "1"]

{[%evp 21,62,0,9,-14,-28,-18,-18,-85,-59,-58,-76,-55,-51,-122,-122,-133,-129,-375,-401,-396,-387,-370,-404,-408,-394,-407,-357,-358,-350,-683,-685,-677,-693,-685,-665,-631,-574,-710,-710,-706,-684,-727,-726]} 1. e4 e5 2. Nf3 Nc6 3. Bb5 a6 4. Ba4 d6 5. O-O Bd7 6. c3 g6 7. d4 Bg7 8. Re1 Nf6 9. Nbd2 {C79: Ruy Lopez: Steinitz-type lines with 3...a6 4 Ba4 Nf6 5 0-0 d6} (9. Bxc6 Bxc6 10. dxe5 Nxe4 11. exd6 O-O 12. dxc7 Qxc7 13. Be3 Rad8 14. Nd4 Be5 15. h3 Bh2+ 16. Kh1 Bf4 {½-½ (60) Kasimdzhanov,R (2683)-Mamedyarov,S (2799) Riadh 2017}) 9... O-O 10. Nf1 b5 11. Bc2 exd4 {LiveBook: 4 Games} 12. cxd4 Bg4 13. Be3 Nd7 14. Ng3 (14. Bb3 $11) 14... Qf6 $17 15. Ne2 {Hoping for Bg5.} Bxf3 16. gxf3 Qxf3 17. Ng3 $146 {[#]} (17. Rc1 $1 $15) ({Predecessor:} 17. Qd2 Qh3 18. Ng3 h5 {0-1 (45) Sadhwani,R (2359)-Aryan,C (2507) Abu Dhabi 2017}) 17... Qf6 $1 {[%cal Rc6d4]} 18. Qg4 Nb6 19. Nf5 $2 (19. Rad1 $17 {keeps fighting.}) 19... gxf5 $19 20. exf5 Nxd4 21. Be4 {[#] And now Bg5 would win.} Rae8 22. Kh1 Rxe4 23. Qxe4 d5 24. Qg2 Nc2 25. Bg5 $2 (25. Rg1 Nxe3 26. fxe3) 25... Nxe1 {Black is clearly winning.} 26. Rxe1 Qxf5 27. Rg1 {intending Bh6.} Kh8 28. Bf4 {[%csl Gg1][%cal Rg2g7]} Qg6 29. Qf3 Qe4 30. Qxe4 dxe4 31. Bxc7 Nd5 {Precision: White = 24%, Black = 96%.} 0-1

[Event "2nd Sharjah Masters 2018"]
[Site "Sharjah"]
[Date "2018.04.17"]
[Round "7"]
[White "Sun, Chao"]
[Black "El Jawich, Amro"]
[Result "1/2-1/2"]
[WhiteElo "2041"]
[BlackElo "2254"]
[Annotator "NA"]
[PlyCount "101"]
[EventDate "2018.??.??"]
[EventType "swiss"]
[EventCountry "UAE"]
[SourceTitle "playchess.com"]
[Source "ChessBase"]
[SourceQuality "1"]
[TimeControl "5400+30"]

1. Nf3 d6 2. d4 g6 3. g3 Bg7 4. Bg2 Nf6 5. b3 c5 6. Bb2 cxd4 7. Nxd4 d5 8. O-O O-O 9. Nf3 Nc6 {A49: 1 d4 Nf6 2 Nf3 g6 3 g3: Anti-King's Indian systems} 10. Nbd2 (10. Ne5 Qd6 11. Nxc6 bxc6 12. c4 Rd8 13. cxd5 cxd5 14. Nc3 Ba6 15. Qd2 Rac8 16. Rfd1 d4 17. Ne4 {0-1 (36) Saraci,N (2393)-Ziska,H (2545) Heraklio 2017}) 10... Re8 11. Ne5 Qc7 12. Nxc6 bxc6 13. c4 e5 14. cxd5 cxd5 15. Rc1 Qb8 $146 ({Predecessor:} 15... Qd7 16. Nc4 e4 17. Ne5 {0-1 (55) Kosin,J (2058)-Visser,D (2115) Niederrhein 2005}) 16. Re1 a5 17. Nb1 a4 18. Nc3 axb3 19. axb3 $17 d4 20. Nd5 Ra2 21. Ba1 Be6 22. e4 Rd8 23. b4 Nxd5 24. exd5 Bxd5 25. Bxd5 Rxd5 26. Qb3 Qa8 27. b5 Ra5 28. Rc8+ Qxc8 29. Qxd5 Qa8 30. Qxa8+ Rxa8 31. f4 e4 32. b6 f5 33. b7 Rb8 34. Rb1 d3 35. Bxg7 Kxg7 36. Kf2 Kf7 37. Ke3 Ke6 38. g4 Kd6 39. gxf5 gxf5 40. Rb5 Kc6 41. Rxf5 Rxb7 42. Re5 Rd7 43. Kd2 Rd4 44. f5 Kd6 45. Re8 Kd7 46. Re5 Rc4 47. f6 Rc2+ 48. Kd1 Rf2 49. Rxe4 Rxf6 50. Rd4+ Rd6 51. Rxd6+ 1/2-1/2

[Event "2nd Sharjah Masters 2018"]
[Site "Sharjah"]
[Date "2018.04.17"]
[Round "7"]
[White "Gagare, Shalmali"]
[Black "Mohannad, Farhan"]
[Result "0-1"]
[WhiteElo "2039"]
[BlackElo "2219"]
[Annotator "NA"]
[PlyCount "78"]
[EventDate "2018.??.??"]
[EventType "swiss"]
[EventCountry "UAE"]
[SourceTitle "playchess.com"]
[Source "ChessBase"]
[SourceQuality "1"]
[TimeControl "5400+30"]

1. c4 {[%emt 0:00:00]} e5 {[%emt 0:00:29]} 2. g3 {[%emt 0:00:20]} d6 {[%emt 0:00:05]} 3. Bg2 {[%emt 0:00:12]} g6 {[%emt 0:00:07]} 4. Nc3 {[%emt 0:00:47]} Bg7 {[%emt 0:00:04]} 5. Nf3 {[%emt 0:00:37]} Ne7 {[%emt 0:00:54]} 6. d3 {[%emt 0:03:16]} O-O {[%emt 0:00:08]} 7. O-O {[%emt 0:01:03]} f5 {[%emt 0:00:24]} 8. Rb1 {[%emt 0:02:55]} h6 {[%emt 0:01:49]} 9. Qc2 {[%emt 0:04:29]} g5 {[%emt 0:01:26]} 10. b4 {[%emt 0:02:53]} Ng6 {[%emt 0:01:16]} 11. b5 {[%emt 0:04:44]} Nd7 {[%emt 0:01:05]} 12. Nd5 {[%emt 0:05:59]} Nc5 {[%emt 0:00:33]} 13. Bb2 {[%emt 0:08:05]} g4 {[%emt 0:01:51]} 14. Nd2 {[%emt 0:01:26]} h5 {[%emt 0:02:57]} 15. Rbd1 {[%emt 0:19:00]} a6 {[%emt 0:10:27]} 16. d4 {[%emt 0:21:06]} exd4 {[%emt 0:00:31]} 17. Nb3 {[%emt 0:00:38]} axb5 {[%emt 0:19:15]} 18. cxb5 {[%emt 0:05:08]} d3 {[%emt 0:11:36]} 19. exd3 {[%emt 0:02:07]} Rxa2 {[%emt 0:01:16]} 20. Nc3 {[%emt 0:07:17]} Rxb2 {[%emt 0:01:54]} 21. Qxb2 {[%emt 0:00:09]} Na4 {[%emt 0:00:05]} 22. Qc2 {[%emt 0:02:36]} Nxc3 {[%emt 0:00:13]} 23. Rc1 {[%emt 0:02:53]} Re8 {[%emt 0:00:22]} 24. Rfe1 {[%emt 0:00:20]} Kh7 {[%emt 0:01:06]} 25. Qd2 {[%emt 0:02:19]} Rxe1+ {[%emt 0:00:28]} 26. Rxe1 {[%emt 0:00:07]} Nxb5 {[%emt 0:00:30]} 27. d4 {[%emt 0:00:35]} c6 {[%emt 0:01:23]} 28. h3 {[%emt 0:01:17]} Qf6 {[%emt 0:01:38]} 29. d5 {[%emt 0:01:02]} c5 {[%emt 0:00:22]} 30. Re8 {[%emt 0:00:35]} c4 {[%emt 0:02:05]} 31. Na5 {[%emt 0:00:53]} c3 {[%emt 0:00:38]} 32. Qc2 {[%emt 0:00:25]} Nd4 {[%emt 0:00:21]} 33. Qd3 {[%emt 0:00:39]} Bd7 {[%emt 0:00:23]} 34. Re1 {[%emt 0:00:22]} Bb5 {[%emt 0:00:41]} 35. Nc4 {[%emt 0:00:38]} Ne5 {[%emt 0:01:01]} 36. Qxc3 {[%emt 0:00:32]} Bxc4 {[%emt 0:00:33]} 37. Kh1 {[%emt 0:00:20]} gxh3 {[%emt 0:01:27]} 38. Qxd4 {[%emt 0:00:16]} hxg2+ {[%emt 0:00:04]} 39. Kxg2 {[%emt 0:00:04]} Nf3 {[%emt 0:00:42]} 0-1

[Event "2nd Sharjah Masters 2018"]
[Site "Sharjah"]
[Date "2018.04.17"]
[Round "7"]
[White "Krithigga K"]
[Black "Grivas, Efstratios"]
[Result "0-1"]
[WhiteElo "2003"]
[BlackElo "2468"]
[Annotator "TA"]
[PlyCount "90"]
[EventDate "2018.??.??"]
[EventType "swiss"]
[EventCountry "UAE"]
[SourceTitle "playchess.com"]
[Source "ChessBase"]
[SourceQuality "1"]

{[%evp 14,90,26,20,41,0,27,4,16,16,22,16,41,42,46,-4,-21,-10,-4,-27,-35,-72,-50,-62,-79,-76,-75,-69,-34,-38,-44,-109,-103,-147,-139,-133,-131,-129,-110,-165,-46,-41,-44,-62,-52,-77,-80,-179,-165,-450,-452,-436,-427,-388,-381,-662,-649,-1028,-1000,-1002,-379,-667,-645,-29989,-29990,-29989,-29987,-29988,-29989,-29989,-29990,-29993,-29994,-29994,-29995,-29995,-5891,-29992,-29989]} 1. c4 g6 2. g3 Bg7 3. Bg2 d6 4. Nc3 e5 5. Nf3 Nd7 6. O-O Ne7 7. d3 O-O {A21: English Opening: 1...e5 2 Nc3} 8. Rb1 {LiveBook: 6 Games} a5 9. a3 c6 {The position is equal.} (9... f5 10. Qc2 c6 11. b4 axb4 12. axb4 h6 13. b5 d5 14. bxc6 bxc6 15. cxd5 cxd5 {0-1 (53) Mirzoev,A (2543)-Asadli,V (2439) Nakhchivan 2017}) 10. b4 $146 ({Find the theoretical novelty and annotate with similar games:} 10. Nd2 f5 11. b4 Kh8 12. Nb3 axb4 13. axb4 Nf6 {½-½ (84) Taimanov,M-Bronstein,D Riga (Latvia) 1958}) 10... axb4 11. axb4 d5 12. Qb3 {[%cal Rc4d5]} d4 13. Ne4 Nf6 14. Rd1 Nxe4 15. dxe4 Be6 16. Ng5 Bg4 17. Bf1 h6 18. h3 Bd7 ({But not} 18... hxg5 19. hxg4 Bf6 20. e3 $14) 19. Nf3 {[#]} c5 $1 {[%mdl 512]} 20. Re1 (20. bxc5 Ba4) 20... cxb4 21. Qxb4 Nc6 22. Qd6 (22. Qb2 $15) 22... Qc8 $17 23. e3 Rd8 (23... Bxh3 24. Bxh3 Qxh3 25. Rxb7 $17) 24. Qc5 Ra6 {[%cal Ba8a6,Ba6c6,Bc6c4,Bc4a4,Ba4a2][%mdl 32]} 25. Qb5 Na5 $36 {[%mdl 2048] Black has strong initiative.} ({Resist} 25... Bxh3 26. Bxh3 Qxh3 27. Qxb7 $15) 26. Qb2 d3 ({Don't do} 26... Nxc4 27. Qxb7 Qxb7 28. Rxb7 $15) (26... Bxh3 $19 27. Bxh3 Qxh3 28. exd4 exd4) 27. Bxd3 $15 Bxh3 28. Be2 Rc6 29. Nd2 Be6 30. f3 (30. Qa2 $17 Nxc4 31. Nxc4) 30... Rd7 31. Nb3 $2 (31. Ra1 {was worth a try.} Nxc4 32. Nxc4 Bxc4 33. Bxc4 Rxc4 34. Bd2) 31... Nxc4 $19 32. Bxc4 Rxc4 33. Na1 Ra4 {[#] Hoping for ...Ra2.} 34. Qb5 $2 (34. Qc2 Qxc2 35. Nxc2) 34... Ra2 35. Bb2 Rd2 36. Qb4 Rd3 $2 (36... Qd8 37. Qc3 Bh3) 37. Rbc1 $2 (37. Re2) 37... Qd8 38. Bc3 Qg5 39. g4 Qh4 40. Rc2 Qg3+ 41. Kh1 Qxf3+ 42. Kh2 Rxc2+ 43. Nxc2 Qf2+ 44. Kh1 Qxc2 (44... Bxg4 $142 45. Qf8+ Bxf8 46. Nd4 exd4 47. Rg1 Bf3+ 48. Rg2 Qxg2#) 45. Ba1 Rd2 {Precision: White = 30%, Black = 65%.} 0-1

[Event "2nd Sharjah Masters 2018"]
[Site "Sharjah"]
[Date "2018.04.17"]
[Round "7"]
[White "Ahmed, Fareed"]
[Black "Zhu, Yilun"]
[Result "0-1"]
[WhiteElo "1989"]
[BlackElo "2195"]
[Annotator "NA"]
[PlyCount "35"]
[EventDate "2018.??.??"]
[EventType "swiss"]
[EventCountry "UAE"]
[SourceTitle "playchess.com"]
[Source "ChessBase"]
[SourceQuality "1"]
[TimeControl "5400+30"]

1. e4 {[%emt 0:16:13]} c5 {[%emt 0:00:09]} 2. Nf3 {[%emt 0:00:30]} e6 {[%emt 0:00:06]} 3. Nc3 {[%emt 0:00:12]} a6 {[%emt 0:00:11]} 4. d4 {[%emt 0:00:08]} cxd4 {[%emt 0:00:04]} 5. Nxd4 {[%emt 0:00:04]} Qc7 {[%emt 0:00:14]} 6. Bd3 {[%emt 0:01:02]} Bc5 {[%emt 0:00:33]} 7. Nde2 {[%emt 0:01:10]} b5 {[%emt 0:02:36]} 8. Bf4 {[%emt 0:02:21]} d6 {[%emt 0:03:48]} 9. Ng3 {[%emt 0:01:39]} Ne7 {[%emt 0:01:16]} 10. Qf3 {[%emt 0:07:16]} Ng6 {[%emt 0:04:33]} 11. O-O-O {[%emt 0:07:18]} Nc6 {[%emt 0:02:59]} 12. Nh5 {[%emt 0:17:11]} O-O {[%emt 0:06:59]} 13. Bh6 {[%emt 0:17:53]} gxh6 {[%emt 0:04:11]} 14. e5 {[%emt 0:10:57]} d5 {[%emt 0:00:26]} 15. Nxd5 {[%emt 0:02:39]} exd5 {[%emt 0:01:03]} 16. Qf6 {[%emt 0:00:04]} Qxe5 {[%emt 0:00:05]} 17. Qxc6 {[%emt 0:00:05]} Be6 {[%emt 0:00:32]} 18. Bf1 0-1

[Event "2nd Sharjah Masters 2018"]
[Site "Sharjah"]
[Date "2018.04.18"]
[Round "8"]
[White "Wang, Hao"]
[Black "Sethuraman, S P"]
[Result "1-0"]
[WhiteElo "2707"]
[BlackElo "2631"]
[Annotator "TA"]
[PlyCount "99"]
[EventDate "2018.??.??"]
[EventType "swiss"]
[EventCountry "UAE"]
[SourceTitle "playchess.com"]
[Source "ChessBase"]
[SourceQuality "1"]

{[%evp 9,99,-3,0,0,0,-7,32,4,27,26,33,29,29,29,30,20,21,21,24,20,51,56,56,54,74,72,93,86,79,58,64,70,75,47,100,71,75,84,106,104,150,150,150,149,154,163,160,160,158,135,136,111,129,114,170,160,267,235,234,213,245,241,373,378,349,374,376,349,474,452,1022,878,862,847,1106,1130,1120,1111,1107,1052,1028,823,939,1166,1105,1073,1542,1484,2371,1075,2250,2179]} 1. c4 e5 2. Nc3 Bb4 3. Nd5 a5 4. g3 (4. Nf3 d6 5. a3 Bc5 6. e3 c6 7. d4 Ba7 8. Nc3 Nd7 9. Ne4 Bb8 10. d5 Ngf6 11. dxc6 Nxe4 12. cxd7+ Bxd7 {0-1 (55) Nepomniachtchi,I (2751)-Anand,V (2776) Moscow 2018}) 4... Ne7 5. Bg2 O-O {LiveBook: 3 Games} 6. e3 {A21: English Opening: 1...e5 2 Nc3} Nxd5 7. cxd5 c6 8. a3 {White is slightly better.} Bc5 9. Ne2 cxd5 10. d4 exd4 11. exd4 $146 ({Predecessor:} 11. Nxd4 Nc6 12. Nb3 Bb6 13. Bxd5 Qf6 14. O-O {½-½ (27) Buhl,P-Lynge,M Hedehusene 1993}) 11... Ba7 12. Nc3 Nc6 13. Be3 $36 {[%mdl 2048] White is more active.} d6 14. Nxd5 Bf5 15. O-O Qd7 16. Rc1 Rac8 17. b4 axb4 18. axb4 Be6 19. Qa4 {b5 is the strong threat.} Bxd5 20. Bxd5 Rc7 21. Bg2 {And now b5 would win.} Bb8 (21... Bb6 $14) 22. d5 (22. b5 {feels hotter.} Ne7 23. Rxc7 Qxc7 24. Re1 d5 25. Qb4) 22... Ne5 23. Qxd7 Nxd7 24. b5 b6 {[#]} 25. Rc6 $1 Rb7 26. Bh3 Nc5 27. Ra1 Bc7 28. Bf4 Rd8 29. Bf5 g6 30. Bc2 Kg7 31. Re1 Bb8 (31... Ra8 $16 {keeps fighting.} 32. Re7 Bd8 33. Rxb7 Nxb7) 32. h4 $18 f6 (32... Nd7 $16 {was worth a try.} 33. Bg5 (33. Bxd6 Bxd6 34. Rxd6 Rbb8 $16) 33... Nf6) 33. g4 {[%cal Bg3g4,Bg4g5][%mdl 32]} Kf7 34. g5 f5 35. Kg2 Re7 (35... Kg8 {was called for.} 36. h5 Ra7 37. Rxb6 Ra2) 36. Rxe7+ Kxe7 37. Rxb6 Bc7 38. Rc6 Ba5 39. b6 {White is clearly winning.} Bb4 (39... Rd7 $142 40. h5 Bb4) 40. Rc7+ Rd7 {[#]} 41. Ba4 $1 {[%mdl 512]} Nxa4 42. b7 Rxc7 43. b8=Q Rc4 44. Qa7+ Kf8 45. Qa8+ Kf7 46. Qb7+ Kf8 47. Bh2 Rg4+ 48. Kf1 Nc3 49. Qxh7 (49. Bxd6+ $142 Bxd6 50. Qc8+ Kf7 51. Qe6+ Kg7 52. Qf6+ Kg8 53. Qxd6) 49... Ne4 50. Qxg6 {Precision: White = 61%, Black = 44%.} 1-0

[Event "2nd Sharjah Masters 2018"]
[Site "Sharjah"]
[Date "2018.04.18"]
[Round "8"]
[White "Kryvoruchko, Yuriy"]
[Black "Vishnu Prasanna  V"]
[Result "1-0"]
[WhiteElo "2703"]
[BlackElo "2510"]
[Annotator "TA"]
[PlyCount "111"]
[EventDate "2018.??.??"]
[EventType "swiss"]
[EventCountry "UAE"]
[SourceTitle "playchess.com"]
[Source "ChessBase"]
[SourceQuality "1"]

{[%evp 25,111,32,33,25,24,25,29,25,36,12,31,10,12,16,18,4,18,0,0,0,0,0,0,0,0,0,55,43,60,54,68,65,65,9,9,16,14,11,16,27,25,24,32,33,34,7,13,28,28,0,0,0,0,0,0,0,0,0,0,0,0,0,0,0,0,0,0,0,0,0,0,2,8,8,70,73,118,118,1469,1579,1491,1507,1047,685,585,467,29955,4622]} 1. e4 e5 2. Nf3 Nc6 3. Bb5 a6 4. Ba4 Nf6 {[%cal Bg8f6,Bf6d7,Bd7c5][%mdl 32]} 5. O-O Be7 6. Re1 d6 7. c3 Bg4 8. d3 Nd7 9. Nbd2 {C87: Closed Ruy Lopez: Steinitz-type lines after 6 Re1 d6} Nc5 10. Bc2 Ne6 11. h3 Bh5 12. Nf1 Ng5 13. Bxg5 Bxg5 {LiveBook: 40 Games} 14. Ng3 (14. a4 {looks sharper.} a5 15. Bb3 O-O 16. Qe2 h6 17. Ne3) 14... Bxf3 15. Qxf3 O-O 16. Rad1 g6 (16... Qf6 17. Qxf6 Bxf6 {0-1 (57) Najer,E (2699)-Mamedyarov,S (2791) Antalya 2017}) 17. d4 $146 Bh6 18. Ba4 Qe7 19. Nf1 {[%cal Bg3f1,Bf1e3,Be3c4,Bc4e5][%mdl 32]} Bg7 20. Bxc6 bxc6 21. Ne3 exd4 22. cxd4 Rfe8 23. Nc4 Qe6 24. b3 d5 25. exd5 Qxd5 (25... Qxe1+ $11 26. Rxe1 Rxe1+ 27. Kh2 cxd5) 26. Ne5 $1 $14 Qxf3 27. Nxf3 Rxe1+ 28. Rxe1 {[%mdl 4096] Endgame KRB-KRN} Rd8 29. Re7 (29. Kf1 $14) 29... Bxd4 $11 30. Rxc7 Bb6 31. Rxc6 Rd1+ 32. Kh2 Bxf2 33. Rxa6 Rc1 34. Rd6 Be3 35. Kg3 f5 $1 36. h4 Rc2 37. a4 Rc3 $1 38. Rd8+ Kg7 $1 39. Rd7+ Kf6 40. Rxh7 Rxb3 41. Rc7 Rb4 42. Rc6+ Kg7 $1 43. a5 Bf4+ 44. Kh3 Rb1 {[#] ( -> ...Rh1+)} 45. g4 {gxf5 is the strong threat.} Rb3 46. gxf5 gxf5 47. Kg2 Rb2+ 48. Kf1 {Threatens to win with Nd4.} Be3 {Hoping for ...Rf2+.} 49. Ke1 f4 (49... Rf2 $11 50. Re6 f4) 50. a6 $14 {[%cal Ba5a6,Ba6a7][%mdl 32]} Rf2 51. Ne5 {Black must now prevent Rc7+.} f3 $2 {[%mdl 8192]} (51... Ra2 $16) 52. Rc7+ $18 Kg8 {[#]} 53. Ng4 $1 {[%cal Rg4f2]} ({Worse is} 53. a7 Re2+ 54. Kf1 (54. Kd1 $2 Rd2+ 55. Kc1 f2 $19) 54... Rf2+ 55. Ke1 Re2+ 56. Kf1 (56. Kd1 $2 Rd2+ 57. Kc1 f2 $19) 56... Rf2+ 57. Ke1 $11) 53... Re2+ 54. Kf1 Bd4 55. a7 Re8 (55... Bxa7 $18 56. Rxa7 Rg2) 56. Rd7 {Precision: White = 57%, Black = 63%.} (56. Rb7 $142 Bxa7 57. Nf6+ Kf8 58. Nxe8 Bd4 59. Nd6 Bc3 60. Nf5 Bd2 61. Kf2) 1-0